Normal view
MARC view
Entry Topical Term
001 - CONTROL NUMBER
- control field: 1944
003 - CONTROL NUMBER IDENTIFIER
- control field: BD-RjUL
005 - DATE AND TIME OF LATEST TRANSACTION
- control field: 20220321155719.0
008 - FIXED-LENGTH DATA ELEMENTS
- fixed length control field: 220321|| aca||aabn | a|a d
040 ## - CATALOGING SOURCE
- Original cataloging agency: BD-RjUL
- Transcribing agency: BD-RjUL
150 ## - HEADING--TOPICAL TERM
- Topical term or geographic name entry element: Ecological Characterization
- General subdivision: Indigenous Rhizobium Populations (Animal Ecology)
- Geographic subdivision: Bangladesh
- Geographic subdivision: Rajshahi Area
670 ## - SOURCE DATA FOUND
- Source citation: Work cat.: (BD-RjUL)79587: Nushair, Ali Mohammad 1943, Ecological Characterization of Indigenous Rhizobium Population in Rajshahi Area /, 2016